| 000 | 00354nam a2200121Ia 4500 | ||
|---|---|---|---|
| 008 | 240731s9999 xx 000 0 und d | ||
| 022 | _a1477-2248 | ||
| 245 | 0 | _aContemporary Justice Review : Issues in Criminal, Social, and Restorative Justice | |
| 260 | _bRoutledge | ||
| 856 | _uhttps://www.tandfonline.com/loi/gcjr20 | ||
| 942 | _2ddc | ||
| 942 | _cTFEJ | ||
| 999 |
_c76058 _d76058 |
||
| 945 |
_a1 _bMadushi Gamage _c1 _dMadushi Gamage |
||